000 00460nam a2200169Ia 4500
003 GCL
008 140319s9999 xx 000 0 eng d
040 _aGCL /
_cGCL
082 0 4 _a931
_bC V
100 1 _aCHEMLA, KARINE
245 1 0 _aLA VALEUR DE L'EXEMPLE PERSPECTIVES CHINOISES /
_cCHEMLA, KARINE
260 _a[S.N] :
_bPRESSES UNIVERSITAIRES DE FRANCE ،
_c1997
300 _a155 P
650 0 4 _aCHINA - HISTORY
650 0 4 _aHISTORY
942 _2ddc
_cBK
999 _c16357
_d16357